000 01310cai a22002415a 4500
001 L140113
008 070905s2007 fr d f s 000 0 eng d
035 _a(Sirsi) u140113
041 0 _aeng
050 0 4 _a333.33 $2 18
110 2 _aAtisreal
_95337
245 0 0 _aEuropean office market 2007
_h[electronic resource]
260 _a[S.l]
_bAtisreal
_c2007
490 0 _aAtisreal European Office Market
_v2007
505 2 _aEuropean market -- Aix/Marseille -- Barcelona -- Berlin -- Brussels -- Cologne -- Dusseldorf -- Frankfurt -- Hamburg -- Lille -- Lisbon -- London -- Luxembourg -- Lyon -- Madrid -- Manchester -- Munich -- Paris -- Thames Valley -- Comparative economic performances - Understanding our data -- Contacts
520 _aIncludes pan-European office market indicators for 2006, pan-European investment market indicators and a review of the economic performance and prospects of each of the national economies. Main body of the report consists in the analysis of individual urban markets.
590 _aKA
650 2 4 _aATISREAL EUROPEAN OFFICE MARKET
651 4 _aEurope
690 _aPROPERTY-COMMERCIAL PROPERTY-COMMERCIAL PROPERTY MARKET
856 4 0 _uhttps://www.atisreal.com/
_vView this report free of charge at www.atisreal.com (see market research section)...
942 _n0
999 _c107424
_d107424